<?xml version="1.0" encoding="UTF-8"?>
<record
    xmlns:xsi="http://www.w3.org/2001/XMLSchema-instance"
    xsi:schemaLocation="http://www.loc.gov/MARC21/slim http://www.loc.gov/standards/marcxml/schema/MARC21slim.xsd"
    xmlns="http://www.loc.gov/MARC21/slim">

  <leader>01931nkc a2200301za 4500</leader>
  <controlfield tag="001">84538</controlfield>
  <controlfield tag="003">OSt</controlfield>
  <controlfield tag="005">20260421113949.0</controlfield>
  <controlfield tag="007">kh boc</controlfield>
  <controlfield tag="008">250410s19001909sp ||||| ||||||0| i|spa d</controlfield>
  <datafield tag="040" ind1=" " ind2=" ">
    <subfield code="c">M-RABA</subfield>
    <subfield code="a">M-RABA</subfield>
    <subfield code="b">spa</subfield>
  </datafield>
  <datafield tag="100" ind1=" " ind2=" ">
    <subfield code="a">Vidal Fern&#xE1;ndez, Eduardo </subfield>
    <subfield code="d">(1867-1920)</subfield>
    <subfield code="9">111180</subfield>
  </datafield>
  <datafield tag="245" ind1="1" ind2="1">
    <subfield code="a">[Torre mud&#xE9;jar del Salvador</subfield>
    <subfield code="b">: Teruel]</subfield>
    <subfield code="c">/ Eduardo Vidal Fern&#xE1;ndez</subfield>
    <subfield code="h">[Material gr&#xE1;fico]</subfield>
  </datafield>
  <datafield tag="260" ind1=" " ind2=" ">
    <subfield code="a">Calatayud</subfield>
    <subfield code="b">; Encuentro, 4. E. Vidal</subfield>
    <subfield code="c">, [1900 - 1909]</subfield>
  </datafield>
  <datafield tag="300" ind1=" " ind2=" ">
    <subfield code="a">2 fotograf&#xED;as</subfield>
    <subfield code="b">: gelatina </subfield>
    <subfield code="c">; imagen 16,5 x 22,5 cm</subfield>
    <subfield code="c">; soporte secundario 24 x 33 cm</subfield>
  </datafield>
  <datafield tag="500" ind1=" " ind2=" ">
    <subfield code="a">Conjunto de dos fotograf&#xED;as que representan vistas de la torre de El Salvador, en Teruel, desde diferentes calles y &#xE1;ngulos.</subfield>
  </datafield>
  <datafield tag="500" ind1=" " ind2=" ">
    <subfield code="a">Montadas sobre soporte secundario de cart&#xF3;n, con orla y sello gofrados en relieve. En la parte inferior aparece el sello del fot&#xF3;grafo y la localizaci&#xF3;n del estudio en dorado.</subfield>
  </datafield>
  <datafield tag="500" ind1=" " ind2=" ">
    <subfield code="a">Al pie, sobre el soporte "E. Vidal, Encuentro, 4, Calatayud"</subfield>
  </datafield>
  <datafield tag="500" ind1=" " ind2=" ">
    <subfield code="a">Las fotograf&#xED;as presentan un cierto desvanecimiento y decoloraci&#xF3;n de la imagen.</subfield>
  </datafield>
  <datafield tag="500" ind1=" " ind2=" ">
    <subfield code="a">Fechas tomadas del periodo del estudio que tuvo abierto en Calatayud. Informaci&#xF3;n obtenida de P&#xE9;rez S&#xE1;nchez, A. (2013), &#x201C;Zoom a los fot&#xF3;grafos de Teruel&#x201D;, Teruel en el cambio de siglo. Fotograf&#xED;a de Jaime Fern&#xE1;ndez Fuertes (1852-1928), Instituto de Estudios Turolenses. Teruel.</subfield>
  </datafield>
  <datafield tag="610" ind1="2" ind2="7">
    <subfield code="a">Torre de San Salvador (</subfield>
    <subfield code="c">Teruel, Espa&#xF1;a)</subfield>
    <subfield code="9">10153</subfield>
  </datafield>
  <datafield tag="651" ind1=" " ind2="7">
    <subfield code="a">Teruel</subfield>
    <subfield code="2">embne</subfield>
    <subfield code="9">75543</subfield>
  </datafield>
  <datafield tag="655" ind1=" " ind2="0">
    <subfield code="a">Fotograf&#xED;as de monumentos</subfield>
    <subfield code="9">111580</subfield>
  </datafield>
  <datafield tag="852" ind1=" " ind2=" ">
    <subfield code="j">Fot-594 ; Fot-595</subfield>
  </datafield>
  <datafield tag="856" ind1=" " ind2=" ">
    <subfield code="3">Fot-594</subfield>
    <subfield code="u">https://archivoybiblioteca.realacademiabellasartessanfernando.com/cgi-bin/koha/opac-retrieve-file.pl?id=72936a84696c288ad0425bc90002f03c</subfield>
  </datafield>
  <datafield tag="856" ind1=" " ind2=" ">
    <subfield code="3">Fot-595</subfield>
    <subfield code="u">https://archivoybiblioteca.realacademiabellasartessanfernando.com/cgi-bin/koha/opac-retrieve-file.pl?id=42708bc59f5275867b3b625837546fab</subfield>
  </datafield>
  <datafield tag="942" ind1=" " ind2=" ">
    <subfield code="2">ddc</subfield>
    <subfield code="c">FOTOGRAF&#xCD;A</subfield>
    <subfield code="n">0</subfield>
  </datafield>
  <datafield tag="952" ind1=" " ind2=" ">
    <subfield code="0">0</subfield>
    <subfield code="1">0</subfield>
    <subfield code="2">ddc</subfield>
    <subfield code="4">0</subfield>
    <subfield code="7">0</subfield>
    <subfield code="8">FOTOGRAFIA</subfield>
    <subfield code="a">RABASF</subfield>
    <subfield code="b">RABASF</subfield>
    <subfield code="c">DP2</subfield>
    <subfield code="d">2025-04-24</subfield>
    <subfield code="l">0</subfield>
    <subfield code="o">Fot-594</subfield>
    <subfield code="p">1095418</subfield>
    <subfield code="r">2025-04-24 10:39:38</subfield>
    <subfield code="w">2025-04-24</subfield>
    <subfield code="y">FOTOGRAF&#xCD;A</subfield>
  </datafield>
  <datafield tag="952" ind1=" " ind2=" ">
    <subfield code="0">0</subfield>
    <subfield code="1">0</subfield>
    <subfield code="2">ddc</subfield>
    <subfield code="4">0</subfield>
    <subfield code="7">0</subfield>
    <subfield code="8">FOTOGRAFIA</subfield>
    <subfield code="a">RABASF</subfield>
    <subfield code="b">RABASF</subfield>
    <subfield code="c">DP2</subfield>
    <subfield code="d">2026-04-21</subfield>
    <subfield code="l">0</subfield>
    <subfield code="o">Fot-595</subfield>
    <subfield code="p">1097054</subfield>
    <subfield code="r">2026-04-21 11:41:44</subfield>
    <subfield code="w">2026-04-21</subfield>
    <subfield code="y">FOTOGRAF&#xCD;A</subfield>
  </datafield>
  <datafield tag="999" ind1=" " ind2=" ">
    <subfield code="c">84538</subfield>
    <subfield code="d">84538</subfield>
  </datafield>
</record>
